Score 0/18 Timer 05:00
0 Plays Today
Scrambled Movie Unscrambled Movie % Correct
KOHOHook
97.1%
TINGOTN LHLINotting Hill
89.7%
TREYPT NOMAWPretty Woman
89.6%
Actress staring in these films:Julia Roberts
86.3%
REIN CHOVICORKBErin Brockovich
79%
WARNYUA REBIDRunaway Bride
71.5%
PINESGEL HITW ETH YEMENSleeping with the Enemy
70.7%
CAN'OSE NELEEVOcean's Eleven
68.7%
MOAN SAIL LIMESMona Lisa Smile
67.9%
Scrambled Movie Unscrambled Movie % Correct
TELES ALONGSIAMSteel Magnolias
66.6%
YAMR LILYREMary Reilly
62.1%
NESTL'EINVA YDAValentine's Day
55.9%
DIGNY UNGOYDying Young
55.8%
YONCRAPSIC YEROTHConspiracy Theory
43.5%
SCLEROCloser
42.4%
ICULPTIDYDuplicity
39.5%
MOSTPEMStepmom
31.8%
STERINFALLFlatliners
11%

You're not logged in!

Compare scores with friends on all Sporcle quizzes.
OR
Log In

Sporcle TV

Today on Sporcle TV


Watch our educational content, quiz creation guides, and fun videos on Sporcle TV.

Show Comments

Extras

Top Quizzes Today


Score Distribution

Your Account Isn't Verified!

In order to create a playlist on Sporcle, you need to verify the email address you used during registration. Go to your Sporcle Settings to finish the process.

Report this User

Report this user for behavior that violates our Community Guidelines.

Details: